000 00937nam a22002297a 4500
005 20250904113851.0
010 _aB-768798-818 ENG-146738 BACEN25
020 _a9789358405576
_c1795.00
035 _aB-768798-818
035 _aEN-130270
037 _bParth Publishing House
037 _bDBAD
_aDPL
082 _a658.45
100 _aRao, P. Subba
_984707
245 _aBusiness Communication /
_cby P. Subba Rao [and] B. Anitha Kumar
260 _aNew Delhi
_bHimalaya Publishing House
_c2024
270 _aPooja Apartmaent 4-B, Murari Lal Street, Ansari Road, Daryaganj,
_bNew Delhi
_e110002
300 _a445p.
_c24cm(Hb)
700 _aB. Anitha Kumar
_978249
942 _2ddc
_cEN
_h658.45
_mRAO
999 _c209568
_d209568